000 00484nam a2200193Ia 4500
003 GCL
008 140319s9999 xx 000 0 aRus d
040 _aGCL /
_cGCL
082 0 4 _a863
_bL B
100 1 _aLOZANO, JOSE JIMENEZ
245 1 0 _aLA BODA DE ANGELA /
_cLOZANO, JOSE JIMENEZ
260 _a[S.N] :
_bSEIX BARRAL ،
_c1994
300 _a140
650 0 4 _aLITERATURE
650 0 4 _aFICTION
650 0 4 _aSPANISH LITERATURE
650 0 4 _aSPANISH FICTION
942 _2ddc
_cBK
999 _c12850
_d12850